000
00196 a2200097 4500
001
1350
100
_a
Rollins, N.
245
_a
Presswork and presses
260
_a
_b
Arnold
_c
090
_c
901
_d
901
942
_a
NUST-CAE
_c
M
_c
35834
999
_c
236423
_d
236423